000 00911nam a2200229Ii 4500
003 JO-AjNU
008 230605s9999||||xx |||||||||||||| ||und||
017 _a2016/1/225
020 _a978-9956-8736-0-8
040 _aJO-AjNU
_bara
_erda
_cJO-AjNU
041 _aara
050 1 4 _aPJ6011.M34 2016
100 3 _aمجمع اللغة العربية الأردني,
_eauthor
_956869
245 0 0 _aالموسم الثقافي الرابع والثلاثون لمجمع اللغة العربية الأردني/ اللغة العربية في التعليم 8-9 صفر 1438هـ 8-9تشرين الثاني 2016م
250 _aط1
264 3 1 _aعمان: مجمع اللغة العربية الأردني 2016
300 _a298ص
336 _atext
_btxt
_2rdacontent
337 _aunmediated
_bn
_2rdamedia
338 _avolume
_bnc
_2rdacarrier
650 4 _aاللغة العربية - مؤتمرات
_956870
999 _aA25451
_c29019
_d29019